Logo BPK

Biblioteka

Politechniki Koszalińskiej

Laboratorium techniki wysokich napięć / (Rekord nr 1999)

Szczegóły MARC
000 -ETYKIETA REKORDU
podpole kontrolne o stałej długości 00393nam a2200157 i 4500
001 - NUMER KONTROLNY REKORDU
pole kontrolne bg
040 ## - ŹRÓDŁO KATALOGOWANIA
Instytucja, która utworzyła rekord BPK
041 ## - KOD JĘZYKA
Kod języka tekstu pol
008 - POLE O STAŁEJ DŁUGOŚCI - DANE KONTROLNE
podpole kontrolne o stałej długości s pl f |000 0 pol
100 1# - NAZWA OSOBOWA
Nazwa osobowa KACEJKO, Leonid.
245 #0 - TYTUŁ/ODPOWIEDZIALNOŚĆ
Tytuł Laboratorium techniki wysokich napięć /
Pozostałe elementy strefy tytułu i oznaczenia odpowiedzialności L. Kacejko, C. Karwat, H. Wójcik.
260 ## - STREFA ADRESU WYDAWNICZEGO
Miejsce wydania Lublin,
Data publikacji, dystrybucji/powstania dokumentu 1982.
700 1# - HASŁO DODATKOWE - NAZWA OSOBOWA
Nazwa osobowa KARWAT, C.
700 1# - HASŁO DODATKOWE - NAZWA OSOBOWA
Nazwa osobowa WÓJCIK, H.
856 ## - LOKALIZACJA I DOSTĘP DO ELEKTRONICZNYCH DOKUMENTÓW ZDALNYCH
Link (URL) http://koha.tu.koszalin.pl/cgi-bin/koha/opac-detail.pl?biblionumber=1999
Tekst linku Katalog online BPK
942 ## - DODATKOWE ELEMENTY (KOHA)
Typ dokumentu Książka
Egzemplarze
Wycofany Status egzemplarza Uszkodzony Dostępność Lokalizacja stała Lokalizacja bieżąca Miejsce przechowywania Sygnatura Kod kreskowy Typ dokumentu
      Dostępny Biblioteka Politechniki Koszalińskiej Biblioteka Politechniki Koszalińskiej Wypożyczalnia BG P 32852 01972887 Książka
© 2023 Biblioteka Politechniki Koszalińskiej :: KOHA